Súčasné trendy vo vývoji moslimskej komunity v Európe
Problém migrácie a s ním spojený narastajúci počet moslimského obyvateľstva žijúceho na teritóriu v Európe. Problematika moslimských menšín žijúcich v jednotlivých krajinách Európy. V západnej Európe dochádza k profilovaniu etnických komunít, ktoré usilujú o akceptáciu svojich kultúrnych, jazykových...
Gespeichert in:
| 1. Verfasser: | |
|---|---|
| Format: | Buchkapitel |
| Sprache: | Slowakisch |
| Schlagworte: | |
| Tags: |
Keine Tags, Fügen Sie das erste Tag hinzu!
|
MARC
| LEADER | 00000naa$a2200000$$$4500 | ||
|---|---|---|---|
| 001 | 0046998 | ||
| 005 | 20240502083125.9 | ||
| 041 | 0 | |a slo | |
| 044 | |a CZ | ||
| 245 | 1 | 0 | |a Súčasné trendy vo vývoji moslimskej komunity v Európe |c Ján Liďák |
| 520 | |a Problém migrácie a s ním spojený narastajúci počet moslimského obyvateľstva žijúceho na teritóriu v Európe. Problematika moslimských menšín žijúcich v jednotlivých krajinách Európy. V západnej Európe dochádza k profilovaniu etnických komunít, ktoré usilujú o akceptáciu svojich kultúrnych, jazykových, náboženských a niektorých už aj politických požiadaviek. Postupná islamizácia Európy, pojem euroislam. | ||
| 610 | 2 | 0 | |a islam |
| 610 | 2 | 0 | |a migrácia |
| 610 | 2 | 0 | |a menšiny národnostné |
| 610 | 2 | 0 | |a západná Európa |
| 610 | 2 | 0 | |a imigrácia |
| 610 | 2 | 0 | |a identita |
| 610 | 2 | 0 | |a spoločnosť |
| 610 | 2 | 0 | |a cudzinci |
| 610 | 2 | 0 | |a politika svetová |
| 100 | 1 | |a Liďák, Ján | |